Boletín científico CIOH. (Registro nro. 18075)

Detalles MARC
000 -CABECERA
Campo de control 00915nas a2200265 a 4500
005 - FECHA Y HORA DE LA ULTIMA TRANSACCION
Campo de control 20160201155429.0
008 - ELEMENTOS DE LONGITUD FIJA—INFORMACION GENERAL
Campo de control 000531t1977 ck ar p r 0 0 0spa d
022 ## - ISSN
ISSN 0120-0542
040 ## - FUENTE DE CATALOGACIÓN
Agencia catalogadora original hm
Agencia transcriptora hm
Agencia Modificadora oe
-- CO-BoIAVH
041 0# - IDIOMA
Código de idioma para texto/pista de sonido o título separado Español
044 ## - PAÍS DE PUBLICACIÓN
País de publicación Colombia
090 ## - CLASIFICACIÓN LOCAL
Colección SE-
245 00 - MENCION DE TITULO
Título Boletín científico CIOH.
260 ## - PUBLICACION, DISTRIBUCION, ETC. (PIE DE IMPRENTA)
Lugar de publicación, distribución, etc. Cartagena :
Nombre del editor, distribuidor, etc. CIOH,
Fecha de publicación, distribución, etc. 1977-.
300 ## - DESCRIPCION FISICA
Otros detalles físicos ilustraciones ;
Dimensiones 31 cm.
310 ## - FRECUENCIA ACTUAL DE LA PUBLICACIÓN
Frecuencia actual de la publicación Anual
321 ## - FRECUENCIA ANTERIOR DELA PUBLICACIÓN
Frecuencia anterior de la publicación Anual
650 #6 - ASIENTO SECUNDARIO DE MATERIA - TERMINO TEMATICO
Término temático o nombre geográfico como elemento de entrada Hidrología
Subdivisión general Investigaciones
-- Publicaciones seriadas
Subdivisión geográfica Colombia
9 (RLIN) 56341
650 #6 - ASIENTO SECUNDARIO DE MATERIA - TERMINO TEMATICO
Término temático o nombre geográfico como elemento de entrada Hidrografía
Subdivisión general Investigaciones
-- Publicaciones seriadas
Subdivisión geográfica Colombia
9 (RLIN) 56342
650 #7 - ASIENTO SECUNDARIO DE MATERIA - TERMINO TEMATICO
Término temático o nombre geográfico como elemento de entrada Oceanografía
Subdivisión general Investigaciones
-- Publicaciones seriadas
Subdivisión geográfica Colombia
9 (RLIN) 56343
651 #6 - ASIENTO SECUNDARIO DE MATERIA - NOMBRE GEOGRAFICO
Nombre geográfico Bolívar (Colombia)
Subdivisión general Publicaciones seriadas
9 (RLIN) 56344
651 #6 - ASIENTO SECUNDARIO DE MATERIA - NOMBRE GEOGRAFICO
Nombre geográfico Colombia
Subdivisión general Publicaciones seriadas
9 (RLIN) 56345
710 21 - ASIENTO SECUNDARIO - NOMBRE CORPORATIVO
Nombre corporativo o de jurisdicción como elemento de entrada Centro de Investigaciones Oceanográficas e Hidrográficas
9 (RLIN) 56335
942 ## - ELEMENTOS ADICIONALES (KOHA)
Sistema de clasificación Local
Tipo de ítem Periodica o revista
Existencias
Withdrawn status Lost status Sistema de Clasificación Damaged status No para préstamo Colección Fecha publicación (Año) Número revista Inventariado Ubicación Permanente Ubicación actual Fecha de adquisición Precio Datos de publicación Seriada Total Checkouts Número topográfico Inventario / Código de Barras Date last seen Ejemplar Price effective from Forma de adquisición Tipo de material
    Local     Hemeroteca 2014 32 Inventariado 2017 Bogotá Bogotá 01/02/2016 20000.00 Número 32, Año 2014   SE 039720 01/02/2016 Ej. 1 01/02/2016 Donación Periodica o revista
    Local     Hemeroteca 2015 33 Inventariado 2017 Bogotá Bogotá 05/10/2016 20000.00 Número 33, Año 2015   SE 040733 05/10/2016 Ej. 1 05/10/2016 Donación Periodica o revista